| 000 | 00387cam a2200157ua 4500 | ||
|---|---|---|---|
| 041 |
_aeng _h |
||
| 082 |
_a303.34 _bTEA/AR |
||
| 100 | _aTead, Ordway . | ||
| 245 |
_aArt of leadership / _cOrdway Tead. _hTextual Documents |
||
| 260 |
_aNew York : _bMcGraw Hill Book Company , _c1935. |
||
| 300 | _a308 ; . | ||
| 500 | _a**Reference | ||
| 504 | _a | ||
| 942 | _cBK | ||
| 999 |
_c7922 _d7922 |
||